Statistics for Countries Closest to Tuvalu

Click here to take the quiz!

General Stats

  • This quiz has been taken 977 times
  • The average score is 17 of 20

Answer Stats

kmcountrymiles% Correct
3199Australia1988
99%
2946New Zealand1831
98%
3883Indonesia2413
95%
318Fiji197
94%
1399Marshall Islands870
93%
1364Solomon Islands848
93%
1160Nauru721
92%
2226Papua New Guinea1383
92%
4827Palau3000
91%
893Samoa555
91%
1303Vanuatu810
91%
343Kiribati213
90%
3409Micronesia2118
90%
749Tonga465
89%
5679Philippines3529
86%
6427Malaysia3994
82%
5393Timor-Leste3351
77%
4002United States2487
72%
1604Cook Islands997
22%
1460Niue907
22%

Score Distribution

Percentile by Number Answered

Percent of People with Each Score

Your Score History

You have not taken this quiz